00472nam a2200181Ia 4500003000900000008004100009020002200050040001600072080001700088100001300105245003500118260003100153300001600184490003000200650001900230650002200249650001900271IN-BaIIA211028s9999 xx 000 0 eng d a978 0471 931 55 3 cIIA Library a530.145bMAN aMandl, F 0aQuantum mechanicscFranz Mandl aLondonbButterworthsc1954 aviii, 233p. aManchester physics series aNASA Thesaurus aQuantum mechanics aQuantum theory